00636nam a22001217a 4500003000400000005001700004008004100021040001200062082001200074100003100086245004100117520035600158OSt20250808102335.0230919b |||||||| |||| 00| 0 eng d cCO-JMCR04aCbCASm10aMariño, Ricardo, eautor aLa casa maldita / cRicardo Mariño aUna casa abandonada que da miedo. Un baúl cubierto de polvo que es, en realidad, el camino para viajar a través del tiempo. Irene René Levene y Matías Elías Díaz retrocederán cuarenta años sin darse cuenta y se encontrarán con sus padres, que son menores que ellos mismos. ¿El problema? Regresar a su propia época sin equivocarse.